|
|
|
|
| LEADER |
00000cas a2200000 a 4500 |
| 001 |
vtls010302076 |
| 003 |
SK-MaSNL |
| 005 |
20260228163030.0 |
| 008 |
110810d19531954xo fr|p 0 b0slo |
| 022 |
|
|
|a 0478-6947
|
| 035 |
|
|
|a (SVKBB03)vtls000107371
|
| 040 |
|
|
|a SNK
|b slo
|c SNK
|e AACR2
|
| 041 |
0 |
|
|a slo
|b eng
|b rus
|
| 044 |
|
|
|a xo
|c SK
|
| 072 |
|
|
|a 159.9
|x Psychológia
|2 konspekt
|
| 080 |
|
|
|a 159.9
|2 2001
|
| 080 |
|
|
|a 001
|2 2001
|
| 080 |
|
|
|a 050
|2 2001
|
| 210 |
0 |
|
|a Psychol. čas.
|
| 222 |
|
0 |
|a Psychologický časopis
|
| 245 |
0 |
0 |
|a Psychologický časopis
|
| 246 |
3 |
3 |
|a Psychologický časopis Slovenskej akadémie vied
|
| 260 |
|
|
|a Bratislava
|b Vydavateľstvo Slovenskej akadémie vied
|c 1953-1954
|
| 300 |
|
|
|a 2 zv.
|c 23 cm
|
| 310 |
|
|
|a 2x ročne
|
| 362 |
0 |
|
|a Roč. I, č. 1 (1953)-roč. II, č. 2 (1954)
|
| 500 |
|
|
|a Hl. red. Tomáš Pardel
|
| 504 |
|
|
|a Bibliograf. odkazy
|
| 546 |
|
|
|a Res. angl., rus.
|
| 650 |
0 |
7 |
|a psychológia
|2 SNKPH
|9 807
|
| 655 |
|
7 |
|a odborné časopisy
|2 SNKPH
|9 70505
|
| 700 |
1 |
|
|a Pardel, Tomáš,
|d 1918-1998
|4 pbd
|9 213956
|
| 710 |
2 |
|
|a Slovenská akadémia vied
|4 pbl
|9 125200
|
| 910 |
|
|
|a snk
|
| 916 |
|
|
|a 1953-1954
|
| 999 |
|
|
|c 8765
|d 10695
|
| 952 |
|
|
|0 0
|1 0
|4 0
|7 0
|a SNK
|b SNK
|d 2004-03-10
|f 1
|i snkII 2036/55
|l 0
|o snkČSC 544/2/1954
|p 17A0417469
|r 2005-01-02 00:00:00
|t č. 1-2
|w 2026-02-21
|y PREZ
|
| 952 |
|
|
|0 0
|1 0
|3 rekatalogizácia
|4 0
|7 0
|a SNK
|b SNK
|d 2007-09-24
|i snkII. 2035/55
|l 0
|o snkČSC 544/2/1954 D1
|p 17A0560385
|r 2026-02-21 21:22:16
|w 2026-02-21
|y PREZ
|
| 952 |
|
|
|0 0
|1 0
|4 0
|7 0
|8 2
|a SNK
|b SNK
|d 2015-05-26
|f 1
|i snkVII. 188/55
|l 0
|o snkČSC 544/1/1953
|p 17A0766782
|r 2026-02-21 21:35:00
|t č. 1, neúplné
|w 2026-02-21
|y PREZ
|z chýba č. 2
|
| 952 |
|
|
|0 0
|1 0
|4 0
|7 0
|a SNK
|b SNK
|d 2015-06-01
|i snkII. 1232/54
|l 0
|o snkČSC 544/1/1953 D1
|p 17A1096680
|r 2026-02-21 21:44:59
|w 2026-02-21
|y PREZ
|